THE STUPIDITY OF INTELLIGENCE: WHAT HAPPENED TO COMMON SENSE. (Record no. 216558)

MARC details
000 -LEADER
fixed length control field 00485nam a22001577a 4500
008 - FIXED-LENGTH DATA ELEMENTS--GENERAL INFORMATION
fixed length control field 260205b |||||||| |||| 00| 0 eng d
020 ## - INTERNATIONAL STANDARD BOOK NUMBER
International Standard Book Number 978-81-203-5112-7
050 ## - LIBRARY OF CONGRESS CALL NUMBER
Classification number BF 441 .A93 2015
100 ## - MAIN ENTRY--PERSONAL NAME
Personal name AWAD, ELIAS M.
245 ## - TITLE STATEMENT
Title THE STUPIDITY OF INTELLIGENCE: WHAT HAPPENED TO COMMON SENSE.
260 ## - PUBLICATION, DISTRIBUTION, ETC.
Place of publication, distribution, etc. DELHI,
Name of publisher, distributor, etc. PHI LEARNING PRIVATE LIMITED
Date of publication, distribution, etc. 2015
300 ## - PHYSICAL DESCRIPTION
Extent xi, 194 P ,ILL
650 ## - SUBJECT ADDED ENTRY
Topical term or geographic name entry element 1. INTELLIGENCE 2. THOUGHT AND THINKING
942 ## - ADDED ENTRY ELEMENTS (KOHA)
Source of classification or shelving scheme Library of Congress Classification
Koha item type Long Loan Book
Holdings
Withdrawn status Lost status Source of classification or shelving scheme Damaged status Not for loan Collection Home library Current library Shelving location Date acquired Inventory number Total checkouts Full call number Barcode Date last seen Date last checked out Copy number Price effective from Koha item type
    Library of Congress Classification     Arts & Social Sciences Kisii University Library Kisii University Library On Display 02/05/2026 111075 1 BF 441 .A93 2015 50405 03/05/2026 02/17/2026 1 02/05/2026 Long Loan Book
    Library of Congress Classification     Arts & Social Sciences Kisii University Library Kisii University Library On Display 02/05/2026 1111076   BF 441 .A93 2015 50423 02/05/2026   2 02/05/2026 Long Loan Book
    Library of Congress Classification     Arts & Social Sciences Kisii University Library Kisii University Library On Display 02/05/2026 1111077   BF 441 .A93 2015 50490 02/05/2026   3 02/05/2026 Long Loan Book
    Library of Congress Classification     Arts & Social Sciences Kisii University Library Kisii University Library On Display 02/05/2026 1111078   BF 441 .A93 2015 50487 02/05/2026   4 02/05/2026 Long Loan Book